000 00419nam a22001817a 4500
003 MPLRDC
005 20220104124140.0
008 210129b ||||| |||| 00| 0 eng d
020 _a962-07-1061-4
082 _a811.7 ZZX c.2
100 _a周兆祥
245 _a翻译实务
_c
250 _a一版一刷
260 _a
_b商务印书馆
_c1986
300 _b
650 _a翻译
942 _cBK
_o811.7 ZZX c.2
999 _c17027
_d17017